Democracy by desing? the christian democratic party en EL Salvador
Wedi'i Gadw mewn:
| Prif Awdur: | |
|---|---|
| Awdur Corfforaethol: | |
| Fformat: | Texto |
| Cyhoeddwyd: |
Universidad de Harvard
|
| Tagiau: |
Ychwanegu Tag
Dim Tagiau, Byddwch y cyntaf i dagio'r cofnod hwn!
|
MARC
| LEADER | 00000 a a2200000 04500 | ||
|---|---|---|---|
| 001 | 21666 | ||
| 003 | |||
| 040 | |||
| 090 | |a 096600 | ||
| 100 | |a Karl, Terry Lynn | ||
| 110 | |a Universidad de Harvard | ||
| 245 | |a Democracy by desing? the christian democratic party en EL Salvador | ||
| 260 | |a Universidad de Harvard | ||
| 300 | |a 46 p. | ||
| 999 | |c 16827 |d 16827 | ||
